00578 2200217 4500001002100000005001500021007000300036008004100039020002200080035002000102082001000122084001600132100001900148245006100167260003900228300003200267650001100299650001000310990002000320990002000340INLIS00000000000297420260511070055ta260511 f 0 ind  a978-623-01-4293-2 a0010-0526000065 a650.1 a650.1 KAR e0 aKaryanto, Budi1 aEtika Bisnis :bKajian Teori & Penerapan Pada Perusahaan aYogyakarta :bPenerbit Andi,c2024 ax + 102 hlm. ;c16 x 23 cm. 4aBisnis 4aEtika a20260513.06.004 a20260513.06.005